Brihad Hindi kosh (Hindi) (Record no. 342769)

000 -LEADER
fixed length control field 00466cam a22001577a 4500
008 - FIXED-LENGTH DATA ELEMENTS--GENERAL INFORMATION
fixed length control field 180718b1989 xxu||||| |||| 00| 0 eng d
082 ## - DEWEY DECIMAL CLASSIFICATION NUMBER
Classification number A32 Hin
245 ## - TITLE STATEMENT
Title Brihad Hindi kosh (Hindi)
Statement of responsibility, etc. edited by Kalika Prasad, Rajvallabh Sahai and Mukundilal Srivastava
250 ## - EDITION STATEMENT
Edition statement 6th ed.
260 ## - PUBLICATION, DISTRIBUTION, ETC.
Place of publication, distribution, etc. Varanasi
Name of publisher, distributor, etc. Gianmandal
Date of publication, distribution, etc. 1989
300 ## - PHYSICAL DESCRIPTION
Extent 1424p.
650 ## - SUBJECT ADDED ENTRY--TOPICAL TERM
Topical term or geographic name entry element Dictionaries
700 ## - ADDED ENTRY--PERSONAL NAME
Personal name Srivastava, Mukundilal
700 ## - ADDED ENTRY--PERSONAL NAME
Personal name Sahai, Rajvallabh
700 ## - ADDED ENTRY--PERSONAL NAME
Personal name Kalika Prasad
Holdings
Withdrawn status Lost status Damaged status Not for loan Permanent Location Current Location Date acquired Full call number Barcode Date last seen Price effective from Koha item type
        Indian Institute of Public Administration Indian Institute of Public Administration 1993-09-24 A32 Hin 64949 2018-07-21 2018-07-21 Book

Powered by Koha